| 000 | 00499nam a2200193 a 4500 | ||
|---|---|---|---|
| 001 | 13281 | ||
| 003 | CO-ViMGA | ||
| 008 | 141112s2004 ck r 000 u spa d | ||
| 020 | _a8427006284 | ||
| 040 |
_aCO-ViMGA _bspa _cCO-ViMGA |
||
| 082 | 0 | 4 | _a153.3 H659i |
| 100 | 1 |
_aHolzer, Hans _919467 |
|
| 245 | 1 | 0 | _aInterpretacion practica de los sueños |
| 260 |
_aBarcelona : _bEdiciones Martinez Roca, _c1988 |
||
| 300 | _a187 | ||
| 650 | 1 | 4 | _aPSICOANALISIS |
| 650 | 1 | 4 |
_aSUEÑOS _94593 |
| 942 |
_2ddc _cBK |
||
| 999 |
_c24029 _d24029 |
||